书目信息 |
| 题名: |
《物理学》学习指南
|
|
| 作者: | 威廉斯 著 ;许云宏 译 | |
| 分册: | 第二卷 | |
| 出版信息: | 北京 科学出版社 1982 |
|
| 页数: | 322页 | |
| 开本: | 19cm | |
| 丛书名: | ||
| 单 册: | ||
| 中图分类: | O4-62 | |
| 科图分类: | ||
| 主题词: | 物理学--学习参考资料 , 物理学 | |
| 电子资源: | ||
| ISBN: | ||
| 000 | 00739nam0 2200253 45 | |
| 001 | 0181004904 | |
| 005 | 20070922093334.03 | |
| 010 | @dCNY1.30 | |
| 091 | @a13031.1693 | |
| 100 | @a19950428d1982 em y0chiy0121 ea | |
| 101 | 1 | @achi@ceng |
| 102 | @aCN@b110000 | |
| 105 | @ay z 000yy | |
| 200 | 12 | @a《物理学》学习指南@A《 wu li xue》 xue xi zhi nan@h第二卷@f(美)S·A·威廉斯等著@F(mei)S·A·wei lian si deng zhu@g许云宏译 |
| 210 | @a北京@c科学出版社@d1982 | |
| 215 | @a322页@d19cm | |
| 606 | @a物理学@x学习参考资料 | |
| 606 | 0 | @a物理学 |
| 690 | @aO4-62@v3 | |
| 701 | 0 | @a威廉斯@Awei lian si@4著 |
| 702 | 0 | @a许云宏@AXu Yun Hong@4译 |
| 801 | 0 | @aCN@b上海图书馆@c20070922 |
| 801 | 2 | @aCN@bNLC@c20060515 |
| 905 | @dO4-62@e16:2 | |
| 《物理学》学习指南.第二卷/(美)S·A·威廉斯等著/许云宏译.-北京:科学出版社,1982 |
| 322页;19cm |
| ISBN :CNY1.30 |
| ● |
| 相关链接 |
|
|
|
|
正题名:《物理学》学习指南
索取号:O4-62/16:2
 
预约/预借
| 序号 | 登录号 | 条形码 | 馆藏地/架位号 | 状态 | 备注 |
| 1 | 0068785 | 202206166 | 密集书库/ [索取号:O4-62/16:2] | 在馆 | |
| 2 | 0068786 | 202206200 | 密集书库/ [索取号:O4-62/16:2] | 在馆 | |
| 3 | 0068787 | 000387361 | 第三借阅区/ [索取号:O4-62/16:2] | 在馆 | |
| 4 | 0068788 | 202206120 | 密集书库/ [索取号:O4-62/16:2] | 在馆 | |
| 5 | 0068789 | 202339424 | 密集书库/ [索取号:O4-62/16:2] | 在馆 | |
| 6 | 0125739 | 202339451 | 密集书库/ [索取号:O4-62/16:2] | 在馆 | |
| 7 | 0125740 | 202267180 | 密集书库/ [索取号:O4-62/16:2] | 在馆 | |
| 8 | 0125741 | 202339460 | 密集书库/ [索取号:O4-62/16:2] | 在馆 | |
| 9 | 0125742 | 202339479 | 密集书库/ [索取号:O4-62/16:2] | 在馆 | |
| 10 | 0125743 | 202206246 | 密集书库/ [索取号:O4-62/16:2] | 在馆 | |
| 11 | 0146116 | 000387851 | 第三借阅区/ [索取号:O4-62/16:2] | 在馆 | |
| 12 | 0146118 | 000387860 | 第三借阅区/ [索取号:O4-62/16:2] | 在馆 | |
| 13 | 0158093 | 000387879 | 第二样本阅览室/ [索取号:O4-62/16:2] | 在馆 | |
| 14 | 0158094 | 001952079 | 第三借阅区/ [索取号:O4-62/16:2] | 在馆 | |
| 15 | 0158095 | 000387888 | 第三借阅区/ [索取号:O4-62/16:2] | 在馆 | |
| 16 | 0609460 | 206094607 | 密集书库/ [索取号:O4-62/16:2] | 在馆 |